000 00736nam a2200241 i 4500
003 DO-SdBNP
005 20260505133712.0
007 ta
008 140612s2005 dr a 000 0 spa d
040 _aDO-SdBNP
_bspa
_cBNPHU
_erda
041 _aspa
082 4 _axxx
_bB436g
_222
100 _aBellapart, Juan José
_eautor
_4aut.
_982782
245 1 0 _aGeorge Hausdorf :
_bámbitos explorados /
_cJuan José Bellapart.
264 _aSanto Domingo, República Dominicana :
_bMuseo Bellapart,
_c2005
300 _a92 páginas ;
_c23 cm.
336 _atexto
_btxt
_2rdacontent
337 _asin mediación
_bn
_2rdamedia
338 _avolumen
_bnc
_2rdacarrier
590 _aInventariado, 2026 /LP
910 _aLP
942 _2ddc
_cLBS1
999 _c60655
_d60655